Computer programming and autocodes (Record no. 2346)

MARC details
000 -LEADER
fixed length control field 00695nam a2200217Ia 4500
003 - CONTROL NUMBER IDENTIFIER
control field IN-BaIIA
008 - FIXED-LENGTH DATA ELEMENTS--GENERAL INFORMATION
fixed length control field 211028s9999 xx 000 0 eng d
040 ## - CATALOGING SOURCE
Transcribing agency IIA Library
080 ## - UNIVERSAL DECIMAL CLASSIFICATION NUMBER
Universal Decimal Classification number 681.3
Item number BUR
100 ## - MAIN ENTRY--PERSONAL NAME
Personal name Burnett-Hall, D. G.
9 (RLIN) 4202
245 #0 - TITLE STATEMENT
Title Computer programming and autocodes
Statement of responsibility, etc. D. G. Burnett-Hall, L. A. G. Dresel and P. A. Samet
260 ## - PUBLICATION, DISTRIBUTION, ETC.
Place of publication, distribution, etc. London
Name of publisher, distributor, etc. The English Universities Press
Date of publication, distribution, etc. 1964
300 ## - PHYSICAL DESCRIPTION
Extent viii, 106p.
490 ## - SERIES STATEMENT
Series statement Applied mathematics series
650 ## - SUBJECT ADDED ENTRY--TOPICAL TERM
Topical term or geographic name entry element Computer programming
9 (RLIN) 4203
650 ## - SUBJECT ADDED ENTRY--TOPICAL TERM
Topical term or geographic name entry element Computers
9 (RLIN) 2283
650 ## - SUBJECT ADDED ENTRY--TOPICAL TERM
Topical term or geographic name entry element NASA thesaurus
700 ## - ADDED ENTRY--PERSONAL NAME
Personal name Dresel, L. A. G.
9 (RLIN) 4204
700 ## - ADDED ENTRY--PERSONAL NAME
Personal name Samet, P. A.
9 (RLIN) 4205
942 ## - ADDED ENTRY ELEMENTS (KOHA)
Koha item type Books
Holdings
Withdrawn status Lost status Damaged status Not for loan Home library Current library Shelving location Date acquired Cost, normal purchase price Total Checkouts Full call number Barcode Date last seen Cost, replacement price Price effective from Koha item type Purchase Price
        IIA Library-Bangalore IIA Library-Bangalore General Stacks 16/03/1965 16.50   681.3/ BUR 2626 05/11/2021 16.50 16/03/1965 Books Rs. 16.50

Powered by Koha